Le seul département restant - Statistiques

Statistiques générales
  • Ce quiz a été pris 13 323 fois
  • Le résultat moyen est 25 sur 101
Réponses sur la Carte
Les réponses sont colorées sur une échelle allant du rouge au vert en fonction du pourcentage des utilisateurs qui les ont devinées à leur premier essai. Vous pouvez retrouver ces pourcentages ci-dessous.
 
Statistiques - réponses
Le seul département restant... Département % Correct
à avoir une frontière avec le Brésil Guyane
99%
contenant le mot "sud" dans son nom Corse-du-Sud
75%
à porter le nom d'un point cardinal Nord
74%
à avoir une lettre dans son numéro Haute-Corse
66%
à n'avoir qu'une seule commune Paris
65%
situé en Amérique Martinique
59%
à être une île Mayotte
48%
qui se prononce comme un chiffre Ain
45%
à avoir plus de 2 millions d'habitants Bouches-du-Rhône
44%
à commencer par la lettre Y Yonne
43%
dont la préfecture borde un pays étranger Bas-Rhin
42%
à avoir moins de 100 000 habitants Lozère
41%
frontalier d'Andorre Pyrénées-Orientales
41%
à contenir la lettre Z Corrèze
40%
dont la préfecture borde la Méditerranée Var
40%
qui a un accès sur la mer et une frontière avec un autre pays Pyrénées-Atlantiques
38%
dont le nom contient 4 mots Alpes-de-Haute-Provence
37%
à contenir la lettre J Jura
36%
à être frontalier de la Suisse Haute-Savoie
35%
à avoir appartenu au Pape Vaucluse
35%
à avoir accueilli l'arrivée finale du Tour de France Alpes-Maritimes
34%
de la région PACA Hautes-Alpes
34%
à contenir la lettre X Deux-Sèvres
33%
commençant par un déterminant La Réunion
33%
à l'Ouest d'Abidjan Finistère
32%
frontalier de l'Espagne Haute-Garonne
31%
à porter le nom d'un volcan Puy-de-Dôme
31%
dont la préfecture est moins peuplée que 13 autres villes du département Guadeloupe
30%
des Hauts-de-France Oise
29%
dont la préfecture se prononce comme un chiffre Aube
28%
à avoir accueilli les épreuves d'athlétisme aux Jeux-Olympiques Seine-Saint-Denis
28%
à se prononcer comme une lettre de l'alphabet Aisne
27%
à avoir une superficie inférieure à 200 km² Hauts-de-Seine
27%
nommé de la même manière qu'un fromage Cantal
26%
récupéré suite au traité de Versailles Moselle
26%
à avoir voté majoritairement pour Marine Le Pen au second tour des élections présidentielles 2017 Pas-de-Calais
26%
à avoir un club en coupe d'Europe de football (saison 2024-2025) Rhône
26%
sans sous-préfecture Territoire de Belfort
26%
à avoir un numéro qui commence par 9 Essonne
25%
sur la Méditerranée Aude
24%
dont la préfecture commence par O Loiret
24%
en 3 lettres Lot
24%
qui porte le même nom (exactement) que la capitale d'un pays Vienne
24%
nommé d'après un massif montagneux Vosges
24%
à avoir accueilli le gouvernement pendant la Seconde Guerre Mondiale Allier
23%
à avoir un nom d'alcool Calvados
22%
à avoir une préfecture dont le nom est un palindrome Mayenne
22%
à avoir au moins l'un des 5 monuments les plus visités de France (hors parcs d'attractions) Yvelines
22%
à faire partie des Cévennes Gard
21%
à être frontalier de 2 pays différents Meurthe-et-Moselle
21%
sur l'Océan Atlantique Morbihan
21%
normand Orne
21%
à avoir une plus grande superficie que Chypre Gironde
20%
de la région Grand-Est Haute-Marne
20%
traversé par le plus long fleuve passant par la France Haut-Rhin
20%
à avoir un club qui a remporté le top 14 après la crise Covid Hérault
20%
dont la préfecture a moins de 10 000 habitants, mais plus de 9 000 Ariège
19%
à produire plus de 10% du foie gras français Gers
19%
à avoir une enclave dans une autre région Hautes-Pyrénées
19%
à avoir été rattaché à la France en 1860 Savoie
19%
traversé par la Garonne Tarn-et-Garonne
19%
à avoir un numéro terminant par 0 Landes
18%
à contenir la lettre Y Aveyron
17%
avec plus de porcs que d'habitants Côtes-d'Armor
17%
à avoir une ville olympique Isère
17%
ayant une ville chantée par Jacques Brel Haute-Saône
16%
à porter le nom de deux cours d'eau Loir-et-Cher
16%
desservi par l'autoroute A4 (Autoroute de l'Est) Meuse
16%
à avoir un indicatif téléphonique commençant par 01 Seine-et-Marne
16%
en Occitanie Tarn
16%
à avoir été trouvé par plus de 70% des personnes sur JetPunk Loire
15%
à avoir moins de 100 communes Val-de-Marne
15%
à avoir une plus faible superficie que les Îles Féroé Val-d'Oise
15%
à avoir une apostrophe dans son nom Côte-d'Or
14%
sur le littoral Seine-Maritime
14%
à avoir un numéro contenant 0 Ardennes
13%
à avoir une ville de plus de 200 000 habitants Ille-et-Vilaine
13%
lieu de naissance de l'un des 10 youtubeurs français avec le plus d'abonnés Somme
13%
à avoir une commune qui porte le même nom que le département et la rivière qui y passe Doubs
11%
à avoir accueilli au moins une épreuve des Jeux Olympiques 2024 Indre
11%
plus peuplé que l'Estonie Loire-Atlantique
11%
à avoir changé de préfecture après la Seconde Guerre Mondiale Manche
11%
à avoir un club de football ayant remporté la Ligue 1 Marne
11%
dont la ville la plus peuplée n'est ni préfecture ni sous-préfecture Ardèche
10%
à avoir accueilli le Grand Prix de France (Formule 1) au XXIe siècle Nièvre
10%
à avoir un numéro qui est une puissance de 2 Charente
9%
à avoir accueilli le sacre d'un roi de France Eure-et-Loir
9%
à contenir le nom d'un État des États-Unis Maine-et-Loire
9%
avec moins de 10% de la population sous le seuil de pauvreté (60% du salaire médian en France) Vendée
9%
à être présent dans Les Aventures de Tintin Charente-Maritime
8%
dont la préfecture commence par la même lettre Eure
8%
à ne pas avoir de frontière avec un autre département restant Creuse
6%
en France métropolitaine Dordogne
6%
à avoir une préfecture en plusieurs mots Haute-Loire
6%
à avoir un numéro supérieur à 50 Haute-Vienne
6%
à n'avoir aucun international français de football qui y est né Lot-et-Garonne
6%
à avoir une préfecture en 2 mots Sarthe
6%
en dehors de la Nouvelle-Aquitaine Cher
5%
à avoir changé de préfecture depuis sa création Drôme
5%
à avoir une ville de plus de 100 000 habitants Indre-et-Loire
5%
avec une sous-préfecture comme ville plus peuplée Saône-et-Loire
5%
Aucun quiz correspondant
Distribution des résultats
% des personnes avec chaque résultat
Percentile par nombre de réponses
Votre historique - résultats
Vous n’avez pas pris ce quiz